Państwa, w których występują dwa lub więcej gatunków niedźwiedzi - Statystyki

Ogólne statystyki
  • Ten quiz został rozwiązany 2 519 razy
  • Średni wynik to 8 z 12
Statystyki odpowiedzi
# Gatunek Państwo % Poprawnych
4 Chiny
98%
3 Rosja
97%
3 Stany Zjednoczone
97%
3 Kanada
96%
4 Indie
87%
2 Norwegia
75%
2 Pakistan
65%
2 Japonia
61%
2 Afganistan
51%
2 Iran
44%
2 Bangladesz
41%
2 Korea Północna
33%
Nie znaleziono quizów pasujących do podanych kryteriów
Rozkład punktacji
Procent ludzi z każdym wynikiem
Percentyl według liczby udzielonych odpowiedzi
Twoja historia wyników
Nie rozwiązałeś tego quizu